000 00423nam a2200133Ia 4500
005 20260328101444.0
008 260328s9999||||xx |||||||||||||| ||und||
100 _aValencia Escobar, Andrés Hernando
245 0 _aLa Estructura :
_b Un elemento técnico para el Diseño /
_cAndrés Hernando Valencia Escobar
260 _bUniversidad Pontificia Bolivariana
300 _a369 p.
650 _aDISEÑO INDUSTRIAL
942 _cBK
999 _c8406
_d8406